| 000 | 00924nam a2200229 a 4500 | ||
|---|---|---|---|
| 001 | 25278 | ||
| 003 | CO-ViMGA | ||
| 008 | 141112s2004 ck r 000 u spa d | ||
| 015 | _ack - 2011 - 2013 | ||
| 020 | _a9789582415174 (obra completa) | ||
| 040 |
_aCO-ViMGA _bspa _cCO-ViMGA |
||
| 082 | _a300.71 I68 | ||
| 245 | 1 | 0 |
_aInteractivo : _bsociales / _cBlanca Yenny Amórtegui Ruiz ... [et al.] |
| 260 |
_aBogotá : _bSantillana, _cc2011 - 2013 |
||
| 300 | _av. . il. col., fot. col., mapas col. ; 28 cm. | ||
| 500 | _aLibro 1 : Libro del estudiante - - Libro 2 : Atlas de Colombia | ||
| 505 | _aLibro 1, grados : 3, 4, 5 - - Libro 2, grados : 3, 4, 5 | ||
| 650 | 1 | 4 |
_aCiencias sociales - Enseñanza primaria - Libros de texto _94462 |
| 700 | 1 |
_aAmórtegui Ruiz, Blanca Yenny _94463 |
|
| 942 |
_2ddc _cBK |
||
| 990 | _aSantillana grados 4 - 5, libros 1 - 2 (2 ej. de cada uno) 21 03/04/2013 n a836690 08/02/2013 08/02/2013 | ||
| 999 |
_c10523 _d10523 |
||